[Event "Verden op-A"]
[Site "Verden"]
[Date "2023.01.06"]
[Round "3"]
[White "Tenne, Fabian"]
[Black "Koch, Yannick"]
[Result "0-1"]
[WhiteElo "1843"]
[BlackElo "2071"]
[PlyCount "78"]
[EventDate "2023.01.05"]
[EventType "swiss"]
[EventRounds "7"]
[EventCountry "GER"]
[SourceTitle "CBM 212 Extra"]
[Source "ChessBase"]
[SourceDate "2023.03.31"]
[SourceVersion "1"]
[SourceVersionDate "2023.03.31"]
[SourceQuality "1"]

1. Nf3 d5 2. g3 c5 3. Bg2 Nc6 4. d3 e5 5. Nbd2 Be7 6. e4 d4 7. a4 Be6 8. 0-0 h5 9. Re1 h4 10. Nf1 hxg3 11. Nxg3 g6 12. Bd2 Qd7 13. Qc1 0-0-0 14. Rb1 Bg4 15. Ng5 Bxg5 16. Bxg5 f6 17. Bd2 Qh7 18. Nf1 Bh3 19. Qd1 Bxg2 20. Kxg2 Qh3+ 21. Kg1 Nh6 22. f3 g5 23. Qe2 g4 24. f4 exf4 25. Bxf4 Nf7 26. Qg2 Qh4 27. Nd2 Ng5 28. Bg3 Qh5 29. Rf1 Ne5 30. Rf5 Rh7 31. b4 cxb4 32. Rxb4 Rc7 33. Rb2 Rc5 34. Rxf6 Ngf3+ 35. Nxf3 Nxf3+ 36. Kh1 Qg5 37. Rxf3 gxf3 38. Qf1 Rh8 39. Qe1 Qe3 0-1

[Event "Niedersachsen-ch op-A"]
[Site "Verden an der Aller"]
[Date "2020.01.04"]
[Round "6"]
[White "Tenne, Fabian"]
[Black "Richter, Stefan Vu"]
[Result "1-0"]
[WhiteElo "1835"]
[BlackElo "1779"]
[PlyCount "73"]
[EventDate "2020.01.02"]
[EventType "swiss"]
[EventRounds "7"]
[EventCountry "GER"]
[SourceTitle "EXT 2023"]
[Source "ChessBase"]
[SourceDate "2022.10.05"]
[SourceVersion "1"]
[SourceVersionDate "2022.10.05"]
[SourceQuality "1"]

1. d4 d5 2. c4 e6 3. Nc3 c6 4. Bf4 Nd7 5. cxd5 exd5 6. e3 Ngf6 7. Bd3 Be7 8. Nge2 0-0 9. 0-0 Nh5 10. Qc2 g6 11. Bh6 Ng7 12. f4 f5 13. g4 Nf6 14. gxf5 Bxf5 15. Bxf5 gxf5 16. Bxg7 Kxg7 17. Qxf5 Kh8 18. Kh1 Ne4 19. Qh3 Nd2 20. Rf2 b5 21. Ng3 Nc4 22. Re2 Bb4 23. Nd1 Qe7 24. b3 Nd6 25. Nf2 Rad8 26. Nd3 Ne4 27. Ne5 Nxg3+ 28. hxg3 Rf6 29. Rc1 Qg7 30. Rh2 Bd2 31. Rxc6 Rxc6 32. Nxc6 Bxe3 33. Qh5 Rg8 34. Ne5 Rc8 35. Ng6+ Kg8 36. Qxd5+ Qf7 37. Ne7+ 1-0

[Event "Niedersachsen-ch op-A"]
[Site "Verden an der Aller"]
[Date "2020.01.02"]
[Round "2"]
[White "Tenne, Fabian"]
[Black "Hachtmann, Christian"]
[Result "0-1"]
[WhiteElo "1835"]
[BlackElo "2058"]
[PlyCount "88"]
[EventDate "2020.01.02"]
[EventType "swiss"]
[EventRounds "7"]
[EventCountry "GER"]
[SourceTitle "EXT 2023"]
[Source "ChessBase"]
[SourceDate "2022.10.05"]
[SourceVersion "1"]
[SourceVersionDate "2022.10.05"]
[SourceQuality "1"]

1. d4 e6 2. Bf4 f5 3. g3 Nf6 4. c4 Bb4+ 5. Nc3 Ne4 6. Qd3 b6 7. Bg2 Bb7 8. Nf3 0-0 9. 0-0 Bxc3 10. bxc3 Nc6 11. d5 Nc5 12. Qc2 Na5 13. Rfd1 Nxc4 14. dxe6 Be4 15. e7 Qxe7 16. Qc1 Ne6 17. Nd4 Bxg2 18. Kxg2 d6 19. Nxe6 Qxe6 20. Qc2 Rae8 21. Qb3 Na5 22. Qxe6+ Rxe6 23. Rd2 Nc4 24. Rc2 h6 25. h4 Rfe8 26. Kf1 Ne5 27. Rd1 Kf7 28. Rd4 Kf6 29. h5 Kf7 30. Rcd2 Ng4 31. Ra4 a5 32. Rc4 R8e7 33. Rd5 Ne5 34. Rcd4 Kf6 35. Bc1 Nf7 36. Rf4 Re5 37. Rd2 Ng5 38. Bb2 Ne4 39. Rd1 Rb5 40. Ba1 Kg5 41. Rh4 Nd2+ 42. Kg1 Rb1 43. Rxb1 Nxb1 44. c4 f4 0-1

[Event "Hannover Ihme Cup"]
[Site "Hannover"]
[Date "2017.04.29"]
[Round "2.9"]
[White "Renner, Kai"]
[Black "Tenne, Fabian"]
[Result "1/2-1/2"]
[WhiteElo "2138"]
[BlackElo "1878"]
[PlyCount "38"]
[EventDate "2017.04.28"]
[EventType "swiss"]
[EventRounds "5"]
[EventCountry "GER"]
[SourceTitle "EXT 2022"]
[Source "ChessBase"]
[SourceDate "2021.10.06"]
[SourceVersion "1"]
[SourceVersionDate "2021.10.06"]
[SourceQuality "1"]

1. e4 e6 2. d4 d5 3. Nd2 c5 4. exd5 Qxd5 5. Ngf3 Nc6 6. Bc4 Qh5 7. dxc5 Bxc5 8. Ne4 Nge7 9. Be2 Qf5 10. Nfg5 h6 11. Nxc5 Qxc5 12. Nf3 0-0 13. c3 Rd8 14. Qc2 e5 15. Be3 Qa5 16. b4 Qc7 17. Qb2 Nd5 18. Bd2 e4 19. Nd4 Ndxb4 1/2-1/2

[Event "Niedersachsen-ch op"]
[Site "Verden"]
[Date "2016.01.03"]
[Round "1"]
[White "Tenne, Fabian"]
[Black "Hesse, Juergen"]
[Result "1/2-1/2"]
[WhiteElo "1862"]
[BlackElo "1963"]
[PlyCount "82"]
[EventDate "2016.01.03"]
[EventType "swiss"]
[EventRounds "7"]
[EventCountry "GER"]
[SourceTitle "EXT 2018"]
[Source "ChessBase"]
[SourceDate "2017.10.13"]
[SourceVersion "1"]
[SourceVersionDate "2017.10.13"]
[SourceQuality "1"]

1. d4 Nf6 2. Nf3 g6 3. g3 Bg7 4. Bg2 d6 5. 0-0 0-0 6. Re1 Nbd7 7. e4 e5 8. dxe5 dxe5 9. Nc3 c6 10. Bg5 h6 11. Bd2 Qe7 12. Qc1 Kh7 13. a3 Nb6 14. b3 Nh5 15. Rb1 Bg4 16. h3 Bd7 17. a4 Rae8 18. a5 Na8 19. Be3 b6 20. Na4 Rb8 21. g4 Nf6 22. axb6 axb6 23. Nxe5 Qxe5 24. Bf4 Qe6 25. Bxb8 Rxb8 26. Qf4 Rc8 27. Red1 Ne8 28. Qe3 c5 29. Nc3 Bd4 30. Qf3 Bc6 31. Nd5 Nec7 32. c4 Rf8 33. Re1 Kg7 34. Re2 Qe5 35. Qd3 Ne6 36. Qf3 Rb8 37. Ra2 f5 38. Ra7+ Kh8 39. gxf5 gxf5 40. Qh5 Bb7 41. Qxh6+ Kg8 1/2-1/2

[Event "Niedersachsen-ch op-A"]
[Site "Verden"]
[Date "2015.01.05"]
[Round "7"]
[White "Merettig, Georg"]
[Black "Tenne, Fabian"]
[Result "0-1"]
[WhiteElo "1912"]
[BlackElo "1879"]
[PlyCount "108"]
[EventDate "2015.01.02"]
[EventType "swiss"]
[EventRounds "7"]
[EventCountry "GER"]
[SourceTitle "EXT 2018"]
[Source "ChessBase"]
[SourceDate "2017.10.13"]
[SourceVersion "1"]
[SourceVersionDate "2017.10.13"]
[SourceQuality "1"]

1. Nc3 d5 2. e4 c6 3. f4 e6 4. Nf3 Nf6 5. e5 Nfd7 6. d4 c5 7. Ne2 Nc6 8. c3 Qb6 9. Qc2 cxd4 10. Nexd4 Be7 11. Bd3 h6 12. 0-0 Nc5 13. Be2 Bd7 14. Be3 Na6 15. Kh1 Rc8 16. Nf5 d4 17. N5xd4 Bc5 18. Qd2 Rd8 19. a3 Nxd4 20. Nxd4 Nc7 21. b4 Bxd4 22. Bxd4 Qc6 23. a4 b6 24. b5 Qe4 25. Bd3 Qd5 26. Qe3 Bc8 27. Be4 Qc4 28. Bc6+ Bd7 29. Be4 Nd5 30. Qg3 0-0 31. f5 exf5 32. e6 g6 33. Qe5 f6 34. Qxd5 Bxe6 35. Qxc4 Bxc4 36. Bxf5 gxf5 37. Rxf5 Kg7 38. a5 Kg6 39. g4 h5 40. Rxh5 Rfe8 41. Rf5 Re2 42. Rxf6+ Kg5 43. h4+ Kxh4 44. axb6 axb6 45. Bf2+ Kg5 46. Rf1 Rh8+ 47. Kg2 Kxf6 48. Kg3 Ke6 49. Bd4 Re3+ 50. Bxe3 Bxf1 51. Bxb6 Bxb5 52. Bd4 Rg8 53. Kh4 Bd3 54. Kh5 Be2 0-1

[Event "Niedersachsen-ch op-A"]
[Site "Verden"]
[Date "2015.01.03"]
[Round "3"]
[White "Vetter, Torsten"]
[Black "Tenne, Fabian"]
[Result "1/2-1/2"]
[WhiteElo "1928"]
[BlackElo "1879"]
[PlyCount "58"]
[EventDate "2015.01.02"]
[EventType "swiss"]
[EventRounds "7"]
[EventCountry "GER"]
[SourceTitle "EXT 2018"]
[Source "ChessBase"]
[SourceDate "2017.10.13"]
[SourceVersion "1"]
[SourceVersionDate "2017.10.13"]
[SourceQuality "1"]

1. d4 Nf6 2. Nf3 c5 3. c3 e6 4. e3 b6 5. Nbd2 Bb7 6. Bd3 d5 7. Ne5 Nbd7 8. f4 Bd6 9. Qf3 Qe7 10. b3 cxd4 11. cxd4 0-0 12. a3 Rfc8 13. Bb2 a5 14. 0-0 Rc7 15. a4 Bb4 16. Qe2 Rac8 17. Rfc1 Nb8 18. Rxc7 Rxc7 19. Qd1 Ba6 20. Bc2 Qd8 21. Rc1 Qc8 22. Nb1 Nc6 23. Nd3 Bd6 24. Na3 Nb4 25. Nxb4 Bxb4 26. Nb5 Bxb5 27. axb5 h6 28. h3 Ne8 29. Bd3 Nd6 1/2-1/2

[Event "Niedersachsen-ch op-A"]
[Site "Verden"]
[Date "2014.01.04"]
[Round "5"]
[White "Tenne, Fabian"]
[Black "Santos, Jose"]
[Result "1-0"]
[WhiteElo "1785"]
[BlackElo "1802"]
[PlyCount "47"]
[EventDate "2014.01.02"]
[EventType "swiss"]
[EventRounds "7"]
[EventCountry "GER"]
[SourceTitle "EXT 2016"]
[Source "ChessBase"]
[SourceDate "2015.10.08"]
[SourceVersion "1"]
[SourceVersionDate "2015.10.08"]
[SourceQuality "1"]

1. d4 Nf6 2. c4 g6 3. Nc3 d5 4. cxd5 Nxd5 5. e4 Nxc3 6. bxc3 Bg7 7. Bc4 c5 8. Ne2 Nc6 9. Be3 0-0 10. 0-0 Qa5 11. Qb3 Qc7 12. Qb2 a6 13. Rad1 b5 14. Bd5 Bb7 15. Qc1 Rac8 16. Bh6 Bxh6 17. Qxh6 cxd4 18. cxd4 Na5 19. Rd3 e6 20. Rh3 f5 21. Bxe6+ Kh8 22. Nf4 Rf7 23. Nxg6+ Kg8 24. Qxh7# 1-0

[Event "Niedersachsen-ch op-A"]
[Site "Verden"]
[Date "2014.01.02"]
[Round "2"]
[White "Tenne, Fabian"]
[Black "Schroeder, Boris"]
[Result "0-1"]
[WhiteElo "1785"]
[BlackElo "2149"]
[PlyCount "74"]
[EventDate "2014.01.02"]
[EventType "swiss"]
[EventRounds "7"]
[EventCountry "GER"]
[SourceTitle "EXT 2016"]
[Source "ChessBase"]
[SourceDate "2015.10.08"]
[SourceVersion "1"]
[SourceVersionDate "2015.10.08"]
[SourceQuality "1"]

1. d4 Nf6 2. Nf3 g6 3. g3 Bg7 4. Bg2 0-0 5. 0-0 d6 6. Re1 Nbd7 7. e4 e5 8. dxe5 dxe5 9. Bg5 c6 10. Qc1 Re8 11. Nc3 Qc7 12. Bh6 Nc5 13. Bxg7 Kxg7 14. h4 b5 15. b4 Ne6 16. Nh2 a5 17. a3 Nd4 18. Ne2 c5 19. bxc5 Nxe2+ 20. Rxe2 Qxc5 21. Qb2 Ba6 22. Rd2 Rac8 23. Rad1 Bb7 24. Re1 Qc3 25. Qc1 Red8 26. Rxd8 Rxd8 27. Re3 Qc5 28. c3 Bc6 29. Bf3 Qc4 30. Be2 Qc5 31. Bf3 Rd6 32. g4 h6 33. Nf1 Nd7 34. Ng3 Nb6 35. h5 Nc4 36. Re2 Qxa3 37. Qe1 Qb3 0-1